000 00429nam a2200181Ia 4500
001 2529
005 20260306144814.0
008 260306t2016||||xx |||||||||||||| ||spa||
041 _aESP
082 _a616.8914
_bN78
100 _aNomen Martín, Leila
_eAUT
245 0 _a50 técnicas psicoterapéuticas
260 _c2016
300 _a494 páginas :
_c24 cm.
650 _aGEN
654 _aCPS
942 _cLIB
_dJUS
_fJUS
_2ddc
_n
999 _c2529
_d2529